| 000 | 00828cam a2200241 4500 | ||
|---|---|---|---|
| 002 | 3445 | ||
| 008 | 040601n1990 000 0 eng u | ||
| 020 | _a047162201X | ||
| 035 | _a(Sirsi) u126328 | ||
| 041 | _aeng | ||
| 050 |
_a690.23 _c18 |
||
| 100 | _aJohnson, Robert | ||
| 245 |
_aEconomics of building _ba practical guide for the design professional |
||
| 260 |
_aNew York _bWiley _c1990 |
||
| 300 |
_axiii, 248p. _c25cm. |
||
| 350 | _a57.50 | ||
| 520 | _aProvides an introduction to economic principles and theories as they relate to building design decisions, and explains how to use these principles when making design decisions. | ||
| 650 | _aBUILT ENVIRONMENT-CONSTRUCTION DESIGN | ||
| 650 | _aBUILT ENVIRONMENT-BUILDING COSTS | ||
| 650 | _aBUILDING ECONOMICS | ||
| 690 | _aBUILT ENVIRONMENT | ||
| 942 | _n0 | ||
| 999 |
_c103606 _d103606 |
||